Molekulární medicína /

Main Author: Slabý, Ondřej, 1981-
Language: Czech
Published: Praha : Galén, c2015
Subjects:
Physical Description: xx, 598 s. : il. (některé barev.) ; 29 cm
Book
Saved in:
LEADER 01648nam a2200421 a 4500
001 nkc20152692347
003 CZ PrNK
005 20190806100034.0
007 ta
008 150410s2015 xr a e p 001 0 cze
015 |a cnb002692347 
020 |a 978-80-7492-121-6  |q (váz.) 
035 |a (OCoLC)918009435 
040 |a OLA001  |b cze  |d ABA001 
072 7 |a 577  |x Biochemie. Molekulární biologie. Biofyzika  |2 Konspekt  |9 2 
072 7 |a 37.016  |x Učební osnovy. Vyučovací předměty. Učebnice  |2 Konspekt  |9 22 
080 |a 577.2:61  |2 MRF 
080 |a (048.8:082)  |2 MRF 
080 |a (075.8)  |2 MRF 
100 1 |a Slabý, Ondřej,  |d 1981-  |7 js20030220015  |4 aut 
245 1 0 |a Molekulární medicína /  |c Ondřej Slabý et al. 
260 |a Praha :  |b Galén,  |c c2015 
300 |a xx, 598 s. :  |b il. (některé barev.) ;  |c 29 cm 
504 |a Obsahuje bibliografie a rejstřík 
521 8 |a Určeno odborné veřejnosti 
650 0 7 |a molekulární medicína  |7 ph349426  |2 czenas 
650 0 9 |a molecular medicine  |2 eczenas 
655 7 |a kolektivní monografie  |7 fd501537  |2 czenas 
655 7 |a učebnice vysokých škol  |7 fd133772  |2 czenas 
655 9 |a collective monographs  |2 eczenas 
655 9 |a textbooks (higher)  |2 eczenas 
910 2 |a BOA001  |b 4-1351.264 
990 |a BK 
995 |a 01 
991 |b 201508  |c NOV  |e n 
996 3 |b 2610641322  |c 4-1351.264  |l MZK  |r Sklad / do 1 hodiny  |n 4  |p p.v.  |w 001517399  |u 000010  |a 1  |e BOA001  |j MZK50  |s N 
996 6 |b 2610642322  |c 4-1351.264  |l MZK  |r STM 6p  |n 0  |p kup  |h 577 SLA  |w 001517399  |u 000020  |a 0  |e BOA001  |j MZK50  |s P 
996 7 |b 2610642323  |c 4-1351.264  |l Vol.výběr  |r VV 0p  |n 34  |p kup  |h 577 SLA  |w 001517399  |u 000030  |a 0  |e BOA001  |j MZK50  |s A